[Event "IHEM"]
[Site "Hamburg GER"]
[Date "2003.06.07"]
[Round "1"]
[White "Schulz,HJ"]
[Black "Pajeken,W"]
[Result "0-1"]
[WhiteElo "2099"]
[BlackElo "2321"]
[EventDate "2003.06.07"]

1. e4 c5 2. b4 cxb4 3. Bb2 Nf6 4. e5 Nd5 5. c4 bxc3 6. dxc3 e6 7. c4 Qa5+
8. Nd2 Nc3 9. Qc2 Na4 10. f4 Nxb2 11. Qxb2 Qa3 12. Qc2 Qe3+ 13. Be2 Qxf4
14. Ngf3 Bc5 15. Ne4 Qe3 16. Rb1 Nc6 17. Rb3 Nd4 18. Nxd4 Qxd4 19. Rb5 Be7
20. Nd2 a6 21. Nf3 Qg4 22. Rb3 Bc5 23. Bd3 b6 24. Be4 Rb8 25. Nd2 Bb7 26.
Rf1 Qh4+ 27. g3 Qxh2 28. Bxb7 Rxb7 29. Qe4 Rb8 30. Qf3 Qh6 31. Qxf7+ Kd8
32. Rd3 Be7 33. Qf3 Rf8 34. Qc6 Qe3+ 35. Rxe3 Rxf1+ 36. Kxf1 dxc6 37. Ne4
Kc7 38. Ke2 h6 39. Rd3 Rd8 40. Rf3 Rf8 41. Re3 Rf5 42. Nc3 Bc5 43. Re4 Rf2+
44. Kd1 Rf3 45. Ne2 Kd7 46. g4 Ra3 47. Nc1 Re3 48. Rxe3 Bxe3 49. Nd3 c5 50.
Ke2 Bd4 51. a4 Kc6 52. Kf3 Bc3 53. Ke4 Bd2 54. Nf2 b5 55. axb5+ axb5 56.
Kd3 Bf4 57. Ke4 Bg3 58. cxb5+ Kxb5 59. Nd1 Be1 60. Ne3 c4 61. Kf3 Kc5 62.
Nc2 Bc3 63. Ke4 Kb5 64. Ne3 Kb4 65. Ng2 Bd2 66. Kd4 Kb3 67. Nh4 c3 68. Kd3
Bg5 69. Nf3 Kb2 70. Ne1 Bd2 71. Nc2 Bf4 72. Ne1 Bxe5 73. Ke4 Bf6 0-1

[Event "IHEM"]
[Site "Hamburg GER"]
[Date "2003.06.07"]
[Round "1"]
[White "Hebbinghaus,H"]
[Black "Hector,J"]
[Result "1/2-1/2"]
[WhiteElo "2273"]
[BlackElo "2553"]
[EventDate "2003.06.07"]

1. d4 d5 2. Nf3 Nf6 3. g3 Bf5 4. Bg2 e6 5. O-O Be7 6. c4 O-O 7. Nc3 c6 8.
Qb3 Qb6 9. c5 Qa6 10. Nh4 b6 11. Nxf5 exf5 12. cxb6 axb6 13. Bg5 Nbd7 14.
Qc2 g6 15. e3 b5 16. Ne2 Rfc8 17. Nf4 Bf8 18. Bxf6 Nxf6 19. Rfc1 b4 20. Qd3
Qb7 21. a3 bxa3 22. bxa3 Ra4 23. Qc2 Rxa3 24. Rab1 Qd7 25. Rb6 g5 26. Nd3
f4 27. exf4 gxf4 28. Nxf4 Bh6 29. Bh3 Qd8 30. Qf5 Qxb6 31. Qxc8+ Kg7 32.
Rxc6 Ra1+ 33. Kg2 Qxd4 34. Qf5 Bxf4 35. gxf4 Ra2 36. Qg5+ Kf8 37. Rc8+ Ke7
38. Qe5+ Qxe5 39. fxe5 Ne4 40. Rc7+ Kf8 41. e6 Rxf2+ 42. Kg1 Rf6 43. Rc8+
Ke7 44. Rc7+ Kf8 1/2-1/2

[Event "IHEM"]
[Site "Hamburg GER"]
[Date "2003.06.07"]
[Round "1"]
[White "Levin,F"]
[Black "Cording,H"]
[Result "1/2-1/2"]
[WhiteElo "2519"]
[BlackElo "2265"]
[EventDate "2003.06.07"]

1. d4 Nf6 2. c4 e6 3. Nf3 Bb4+ 4. Nbd2 b6 5. a3 Bxd2+ 6. Qxd2 Bb7 7. e3 d6
8. Be2 a5 9. b3 Nbd7 10. O-O O-O 11. Bb2 Qe7 12. Ne1 Rfd8 13. Bf3 Bxf3 14.
Nxf3 e5 15. Qc2 e4 16. Nd2 Re8 17. d5 Nh5 18. Bd4 f5 19. f3 exf3 20. Nxf3
g6 21. Rae1 Ne5 22. Bb2 Nxf3+ 23. gxf3 Qg5+ 24. Qg2 Qxg2+ 25. Kxg2 Re7 26.
Kf2 Rae8 27. Bc3 Kf7 28. b4 axb4 29. axb4 Ra8 30. Ra1 Ree8 31. Bd4 Nf6 32.
Ke2 Nd7 33. Kd3 g5 34. Rg1 Kg6 35. h4 h6 1/2-1/2

[Event "IHEM"]
[Site "Hamburg GER"]
[Date "2003.06.07"]
[Round "1"]
[White "Sawadkuhi,M"]
[Black "Moreno Carnero,J"]
[Result "0-1"]
[WhiteElo "2250"]
[BlackElo "2504"]
[EventDate "2003.06.07"]

1. e4 c5 2. Nf3 d6 3. d4 cxd4 4. Nxd4 Nf6 5. Nc3 a6 6. Bc4 e6 7. Be3 Be7 8.
Qe2 b5 9. Bb3 O-O 10. a3 Bb7 11. f3 Nbd7 12. g4 Nc5 13. Ba2 Nfd7 14. O-O-O
Rb8 15. h4 Ra8 16. Qe1 Ne5 17. Bg5 Nc4 18. Qg3 Qc7 19. Nde2 Rfc8 20. Bxe7
Qxe7 21. Rd4 e5 22. Nd5 Qd7 23. Rdd1 Na4 24. g5 Naxb2 25. g6 Nxd1 26. gxh7+
Kh8 27. Rg1 f6 28. Kxd1 Qf7 29. Nec3 a5 30. h5 b4 31. axb4 axb4 32. h6 g5
33. f4 exf4 34. Nxf4 bxc3 0-1

[Event "IHEM"]
[Site "Hamburg GER"]
[Date "2003.06.07"]
[Round "1"]
[White "Jacoby,G"]
[Black "Rogozenko,D"]
[Result "1/2-1/2"]
[WhiteElo "2258"]
[BlackElo "2519"]
[EventDate "2003.06.07"]

1. c4 e5 2. e3 Nf6 3. Nc3 Nc6 4. a3 Be7 5. Nf3 O-O 6. Be2 d5 7. cxd5 Nxd5
8. d3 Be6 9. O-O f5 10. Qc2 Kh8 11. Re1 Bf6 12. Rb1 a5 13. Na4 Qd6 14. Nc5
Bc8 15. e4 Nde7 16. exf5 Nxf5 17. Be3 Nxe3 18. fxe3 Be7 19. Rbc1 Qh6 20.
Bd1 Bd6 21. Ne4 Bf5 22. Qc4 Ne7 23. Bb3 Bg6 24. Neg5 Nf5 25. Qg4 Be7 26. h4
Bh5 27. Qe4 Nd6 28. Qxe5 Bf6 29. Qd5 Bxf3 30. Nxf3 Bxh4 31. Nxh4 Qxh4 32.
Rf1 Rxf1+ 33. Rxf1 h6 34. e4 1/2-1/2

[Event "IHEM"]
[Site "Hamburg GER"]
[Date "2003.06.07"]
[Round "1"]
[White "Laqua,C"]
[Black "Vokac,M"]
[Result "0-1"]
[WhiteElo "2206"]
[BlackElo "2484"]
[EventDate "2003.06.07"]

1. c4 g6 2. g3 Bg7 3. Bg2 c5 4. Nc3 Nc6 5. e3 d6 6. Nge2 Bd7 7. d4 Nf6 8.
b3 O-O 9. O-O a6 10. Bb2 Rb8 11. Qd2 cxd4 12. Nxd4 Nxd4 13. Qxd4 Bc6 14.
Nd5 Ne8 15. Qd2 Bxb2 16. Qxb2 e6 17. Nf4 Bxg2 18. Kxg2 b5 19. Rac1 Qd7 20.
Kg1 bxc4 21. Rxc4 d5 22. Rc5 Nd6 23. Rfc1 Rfc8 24. Qe5 Rxc5 25. Rxc5 Rc8
26. Rxc8+ Nxc8 27. h4 h5 28. g4 hxg4 29. h5 gxh5 30. Qxh5 Kf8 31. Qxg4 Qc7
32. Nd3 Ne7 33. Qb4 a5 34. Qc5 Qxc5 35. Nxc5 Nc6 36. a3 Ke7 37. Kf1 Kd6 38.
Nd3 e5 39. Ke2 e4 40. Nc1 d4 41. exd4 Nxd4+ 42. Kd2 Nb5 43. b4 a4 44. Ne2
Nxa3 45. Nc3 Nc4+ 46. Kc2 Ke5 47. Nxa4 f5 48. Kd1 Nd6 49. Ke2 Nb5 50. Nc5
f4 51. Nd7+ Kd4 52. f3 e3 53. Nf6 Kc4 54. Nh5 Nd4+ 55. Kf1 Kd3 56. Nxf4+
Kd2 57. Kg2 Ne6 58. Nxe6 e2 0-1

[Event "IHEM"]
[Site "Hamburg GER"]
[Date "2003.06.07"]
[Round "1"]
[White "Meier,DG"]
[Black "Bach,M"]
[Result "1/2-1/2"]
[WhiteElo "2183"]
[BlackElo "2349"]
[EventDate "2003.06.07"]

1. d4 d5 2. c4 e6 3. Nc3 c5 4. cxd5 exd5 5. Nf3 Nc6 6. e3 Nf6 7. Be2 c4 8.
O-O Bb4 9. Ne5 O-O 10. Nxc6 bxc6 11. Qa4 Qa5 12. Qc2 Bxc3 13. bxc3 Ne4 14.
Bb2 Bf5 15. Qc1 Rab8 16. f3 Rxb2 17. Qxb2 Nxc3 18. Rfc1 Na4 19. Qa3 Rb8 20.
e4 Be6 21. Rab1 Rb6 22. Kf1 h5 23. Bd1 Ra6 24. Qxa4 Qxa4 25. Bxa4 Rxa4 26.
Rc2 Ra3 27. Ke1 g5 28. Rd1 g4 29. Kf2 Kg7 30. Re2 h4 31. Rdd2 Rc3 32. Re3
g3+ 33. hxg3 hxg3+ 34. Ke2 Rc1 35. Rd1 Rc2+ 36. Rd2 Rc1 37. Rd1 Rc2+
1/2-1/2

[Event "IHEM"]
[Site "Hamburg GER"]
[Date "2003.06.07"]
[Round "1"]
[White "Maahs,E"]
[Black "Hochgraefe,M"]
[Result "1/2-1/2"]
[WhiteElo "2180"]
[BlackElo "2331"]
[EventDate "2003.06.07"]

1. e4 e6 2. d4 d5 3. Nd2 Nf6 4. e5 Nfd7 5. Bd3 c5 6. c3 Nc6 7. Ne2 cxd4 8.
cxd4 f6 9. f4 fxe5 10. fxe5 Nxd4 11. Nxd4 Qh4+ 12. g3 Qxd4 13. Nf3 Qb6 14.
Qc2 Bb4+ 15. Kf1 O-O 16. Bxh7+ Kh8 17. Bf4 Rxf4 18. gxf4 Qe3 19. Kg2 Qxf4
20. Rhf1 Nf8 21. Bd3 Bd7 22. a3 Be7 23. Kh1 Bc6 24. Rae1 Rc8 25. Qe2 Kg8
26. Qg2 d4 27. Qg3 Qxg3 28. hxg3 Bg5 29. Kh2 Be3 30. Nh4 g5 31. Ng2 Bxg2
32. Kxg2 Nd7 33. Rh1 Nxe5 34. Bh7+ Kg7 35. Be4 Ng6 36. Rh5 b6 37. Reh1 Nf8
38. Rh8 Rc5 39. Bd3 a5 40. Kf3 a4 41. R8h2 Kf6 42. Rc2 Nd7 43. Rh6+ Ke5 44.
Rh8 Rxc2 45. Bxc2 Bc1 46. Bxa4 Nc5 47. Bd1 Bxb2 48. a4 Bc3 49. Ra8 d3 50.
Rb8 Ba5 51. Ke3 d2 52. g4 Ne4 53. Rc8 Nc3 54. Kxd2 Nxa4+ 55. Ke3 Nc3 56.
Bb3 Ne4 57. Rc6 Nc5 58. Bc4 Kf6 59. Kd4 Ke7 60. Rc7+ Kf6 61. Rc6 Ke7 62.
Rc8 Be1 63. Ke3 Bc3 64. Rb8 Ba5 65. Rg8 Kf6 66. Kd4 Be1 67. Rf8+ Ke7 68.
Rf3 Bd2 69. Rh3 Kd6 70. Rh6 Bf4 71. Rg6 Be5+ 72. Ke3 Bf4+ 1/2-1/2

[Event "IHEM"]
[Site "Hamburg GER"]
[Date "2003.06.07"]
[Round "1"]
[White "Stanke,J"]
[Black "Gollasch,T"]
[Result "1-0"]
[WhiteElo "2322"]
[BlackElo "2117"]
[EventDate "2003.06.07"]

1. d4 d5 2. c4 e6 3. Nc3 Nf6 4. cxd5 exd5 5. Bg5 Be7 6. e3 Ne4 7. Bxe7 Nxc3
8. Bxd8 Nxd1 9. Bxc7 Nxb2 10. Nf3 Bf5 11. Bb5+ Bd7 12. Be2 Nc4 13. O-O Na6
14. Bf4 f6 15. Rfc1 b5 16. a4 Nb4 17. axb5 Ke7 18. Bxc4 dxc4 19. Rxc4 Nd5
20. Bg3 Rhc8 21. Rxc8 Rxc8 22. h3 Ra8 23. Ra5 Nb6 24. Nd2 Kd8 25. Bd6 Kc8
26. Bf8 g6 27. Bc5 Kb7 28. Bxb6 Kxb6 29. Nc4+ Kb7 30. b6 a6 31. Rc5 Rd8 32.
Rc7+ Kb8 33. Na5 f5 34. Nb7 1-0

[Event "IHEM"]
[Site "Hamburg GER"]
[Date "2003.06.07"]
[Round "1"]
[White "Van Delft,M"]
[Black "Schuetze,M"]
[Result "1-0"]
[WhiteElo "2341"]
[BlackElo "2182"]
[EventDate "2003.06.07"]

1. e4 c6 2. d4 d5 3. Nd2 dxe4 4. Nxe4 Nf6 5. Nxf6+ gxf6 6. c3 Qd5 7. Nf3
Rg8 8. Be3 Nd7 9. a4 Nb6 10. b3 Bg4 11. Be2 e5 12. a5 Nd7 13. a6 b6 14. O-O
O-O-O 15. g3 Bd6 16. c4 Qe6 17. d5 cxd5 18. cxd5 Qe7 19. Nh4 Bh3 20. Qc2+
Kb8 21. Nf5 Bxf5 22. Qxf5 Nc5 23. Rab1 Qd7 24. Qxd7 Rxd7 25. f3 Rc7 26. Bb5
Nd7 27. b4 f5 28. f4 e4 29. Bd4 h5 30. Bc6 h4 31. Kf2 hxg3+ 32. hxg3 Nf8
33. b5 Ng6 34. Rh1 Ne7 35. Rh5 Nxd5 36. Bxd5 Rc2+ 37. Ke1 Rxg3 38. Rxf5 Rh3
39. Bxe4 Rc4 40. Rd1 Bb4+ 41. Ke2 Bc3 42. Be5+ Bxe5 43. Rxe5 1-0

[Event "IHEM"]
[Site "Hamburg GER"]
[Date "2003.06.08"]
[Round "2"]
[White "Vokac,M"]
[Black "Stanke,J"]
[Result "1-0"]
[WhiteElo "2484"]
[BlackElo "2322"]
[EventDate "2003.06.07"]

1. Nf3 d5 2. d4 Nf6 3. c4 e6 4. Nc3 Nbd7 5. Bg5 Be7 6. e3 O-O 7. Rc1 a6 8.
a3 dxc4 9. Bxc4 c5 10. O-O cxd4 11. exd4 b5 12. Ba2 Bb7 13. Re1 Rc8 14. Ne5
Nxe5 15. dxe5 Nd5 16. Bxd5 exd5 17. Bxe7 Qxe7 18. Nxd5 Qg5 19. Rxc8 Rxc8
20. f4 Qh4 21. Rf1 Qd8 22. Nc3 Qb6+ 23. Kh1 Rd8 24. Qe2 g6 25. h3 Rd4 26.
Kh2 Qc7 27. Rf2 Qd7 28. Qe3 Rd3 29. Ne4 Bxe4 30. Qxe4 Qd4 31. Qxd4 Rxd4 32.
Kg3 b4 33. Rf3 a5 34. Rb3 Kf8 35. Kf3 Ke7 36. g3 Ke6 37. Ke3 Rc4 38. Rd3
bxa3 39. bxa3 Ra4 40. Kf3 h5 41. g4 hxg4+ 42. Kxg4 Ke7 43. Kg5 Re4 44. Rc3
Ke6 45. h4 Re1 46. Rc6+ Ke7 47. Kh6 Rh1 48. Kg7 Rxh4 49. Rc7+ Ke6 50. Rxf7
Rg4 51. Kf8 g5 52. Rf6+ 1-0

[Event "IHEM"]
[Site "Hamburg GER"]
[Date "2003.06.08"]
[Round "2"]
[White "Reddmann,H"]
[Black "Haba,P"]
[Result "0-1"]
[WhiteElo "2358"]
[BlackElo "2514"]
[EventDate "2003.06.07"]

1. d4 c5 2. dxc5 e6 3. Nc3 Nf6 4. e4 Qa5 5. Bd3 Na6 6. e5 Nd5 7. Bd2 Nxc5
8. Bc4 Nxc3 9. Bxc3 Qc7 10. Qe2 a6 11. a3 b5 12. Ba2 Bb7 13. Nf3 Na4 14.
Bd4 Bc5 15. O-O-O Rc8 16. Bxc5 Qxc5 17. Bb3 Nb6 18. Kb1 Bd5 19. Bxd5 Nxd5
20. Ng5 O-O 21. Qd3 f5 22. exf6 Nxf6 23. f4 b4 24. a4 Qc6 25. a5 h6 26. Nf3
Nd5 27. Ne5 Qa4 28. Qb3 Qxa5 29. Nxd7 Rxf4 30. Rhe1 Rf7 31. Ne5 Rf2 32. Nd3
Rf6 33. Re4 Rc3 34. bxc3 Nxc3+ 35. Kb2 Nxd1+ 36. Kc1 Nc3 37. Re1 Kh8 38.
Kb2 Na4+ 39. Kb1 Nc3+ 40. Kb2 Nd5 0-1

[Event "IHEM"]
[Site "Hamburg GER"]
[Date "2003.06.08"]
[Round "2"]
[White "Moreno Carnero,J"]
[Black "Van Delft,M"]
[Result "1/2-1/2"]
[WhiteElo "2504"]
[BlackElo "2341"]
[EventDate "2003.06.07"]

1. e4 c6 2. d4 d5 3. Nc3 dxe4 4. Nxe4 Bf5 5. Ng3 Bg6 6. h4 h6 7. Nf3 Nf6 8.
Ne5 Bh7 9. Bd3 Bxd3 10. Qxd3 e6 11. Bd2 Be7 12. O-O-O O-O 13. f4 c5 14. Qf3
Qd5 15. Qxd5 Nxd5 16. dxc5 Bxc5 17. Ne4 Be7 18. g4 Nc6 19. Nxc6 bxc6 20. g5
f5 21. Nf2 hxg5 22. hxg5 e5 23. fxe5 f4 24. Ne4 Kf7 25. e6+ Kxe6 26. Rh4
Kf5 27. c4 Nb4 28. Re1 1/2-1/2

[Event "IHEM"]
[Site "Hamburg GER"]
[Date "2003.06.08"]
[Round "2"]
[White "Rogozenko,D"]
[Black "Hebbinghaus,H"]
[Result "1/2-1/2"]
[WhiteElo "2519"]
[BlackElo "2273"]
[EventDate "2003.06.07"]

1. c4 e5 2. g3 Nf6 3. Bg2 c6 4. d4 exd4 5. Qxd4 Na6 6. Nf3 Bc5 7. Qd1 O-O
8. Nc3 Re8 9. a3 Nc7 10. Bf4 d5 11. Bxc7 Qxc7 12. cxd5 cxd5 13. O-O Bg4 14.
Rc1 Qd7 15. Qa4 Rac8 16. Qxd7 Bxd7 17. e3 Kf8 18. Rfd1 Be6 19. Nd4 Red8 20.
h3 h5 21. Rc2 g6 22. Rcd2 Bxa3 23. Nxe6+ fxe6 24. Nxd5 exd5 25. bxa3 Rc3
26. e4 Rxa3 27. e5 Ne8 28. Bxd5 h4 29. Bxb7 Rxd2 30. Rxd2 hxg3 31. f4 Nc7
32. Bc8 Rc3 33. Kg2 a5 34. h4 a4 35. h5 gxh5 36. f5 Ne8 37. Rd8 Ke7 38.
Rd7+ Kf8 39. Bb7 Rc7 40. e6 a3 41. Bd5 a2 42. Bxa2 Rc2+ 43. Kxg3 Rxa2 44.
f6 Re2 45. f7 Rxe6 46. fxe8=Q+ Kxe8 47. Ra7 Re7 48. Rxe7+ Kxe7 49. Kh4 Kf6
50. Kxh5 1/2-1/2

[Event "IHEM"]
[Site "Hamburg GER"]
[Date "2003.06.08"]
[Round "2"]
[White "Kroencke,M"]
[Black "Levin,F"]
[Result "0-1"]
[WhiteElo "2195"]
[BlackElo "2519"]
[EventDate "2003.06.07"]

1. e4 c5 2. Nf3 e6 3. b3 a6 4. Bb2 d5 5. exd5 exd5 6. d4 Nf6 7. Nbd2 Nc6 8.
Be2 Be7 9. O-O O-O 10. dxc5 Bxc5 11. Ne5 Nxe5 12. Bxe5 Re8 13. Bb2 Qb6 14.
Bf3 Ne4 15. Bxe4 dxe4 16. Nc4 Qg6 17. Kh1 Be6 18. Ne5 Qf5 19. f4 Rad8 20.
Qe2 e3 21. Rad1 Rxd1 22. Rxd1 Qxf4 23. Rf1 Qe4 24. Rd1 Bd5 25. Nd7 Ba7 26.
Rxd5 Qxd5 27. Qg4 Bd4 28. Bxd4 Qxd4 29. Qxd4 e2 30. Nf6+ gxf6 31. Qg4+ Kh8
0-1

[Event "IHEM"]
[Site "Hamburg GER"]
[Date "2003.06.08"]
[Round "2"]
[White "Hochgraefe,M"]
[Black "Meier,DG"]
[Result "1-0"]
[WhiteElo "2331"]
[BlackElo "2183"]
[EventDate "2003.06.07"]

1. d4 d5 2. c4 e6 3. Nc3 Nf6 4. cxd5 exd5 5. Bg5 c6 6. Qc2 h6 7. Bh4 Bb4 8.
e3 O-O 9. Bd3 Re8 10. Nge2 Nbd7 11. O-O Nf8 12. a3 Bd6 13. Bg3 Ne6 14. b4
a6 15. Rab1 Ng5 16. a4 Bxg3 17. hxg3 b5 18. Ra1 Rb8 19. Nc1 Qe7 20. axb5
axb5 21. Nb3 Ng4 22. Rfe1 Qd6 23. Qd2 f5 24. Nc5 h5 25. f4 Nf7 26. Nd1 Qf6
27. Nf2 Nd6 28. Ra7 Nc4 29. Bxc4 bxc4 30. Nxg4 hxg4 31. Kf2 Qd8 32. Rea1
Re7 33. Rxe7 Qxe7 34. Ra4 Qc7 35. Qa2 Qb6 36. Ke2 Qd8 37. Kd2 Qe7 38. Qa1
Qe8 39. Qc1 Qh5 40. Ke2 Qf7 41. Qa3 Qc7 42. Ra7 Qd6 43. Qa5 Qh6 44. Qc7 1-0

[Event "IHEM"]
[Site "Hamburg GER"]
[Date "2003.06.08"]
[Round "2"]
[White "Cording,H"]
[Black "Baramidze,D"]
[Result "0-1"]
[WhiteElo "2265"]
[BlackElo "2440"]
[EventDate "2003.06.07"]

1. d4 Nf6 2. Nf3 g6 3. c4 Bg7 4. Nc3 d5 5. cxd5 Nxd5 6. e4 Nxc3 7. bxc3 c5
8. Be3 O-O 9. Qd2 cxd4 10. cxd4 Nc6 11. Rb1 e6 12. Be2 b6 13. h4 h5 14. Bg5
Qd7 15. Bh6 Nxd4 16. Nxd4 Bxh6 17. Qxh6 Qxd4 18. O-O Bb7 19. Rfd1 Qf6 20.
Rb5 Bxe4 21. Rxh5 Qg7 22. Qxg7+ Kxg7 23. Re5 Bd5 24. a3 Rac8 25. Re3 Rfd8
26. g4 Bb7 27. Rxd8 Rxd8 28. Kh2 Rc8 29. f4 Rc1 30. Bf3 Bxf3 31. Rxf3 Rb1
32. Rc3 a5 33. Kg3 a4 34. Rc6 Rb3+ 35. Kg2 Kf6 36. Kh2 Rf3 37. Rxb6 Rxf4
38. Kg3 Rc4 39. g5+ Kg7 40. Ra6 Rc3+ 41. Kg2 Rxa3 42. Ra8 Ra1 43. Ra7 a3
0-1

[Event "IHEM"]
[Site "Hamburg GER"]
[Date "2003.06.08"]
[Round "2"]
[White "Bach,M"]
[Black "Maahs,E"]
[Result "1-0"]
[WhiteElo "2349"]
[BlackElo "2180"]
[EventDate "2003.06.07"]

1. d4 d5 2. c4 c6 3. Nf3 Nf6 4. Nc3 e6 5. g3 Nbd7 6. Bg2 dxc4 7. e4 Bb4 8.
e5 Nd5 9. Bd2 Bxc3 10. bxc3 b5 11. Ng5 Qe7 12. Qh5 g6 13. Qe2 h6 14. Ne4
N7b6 15. O-O Kf8 16. f4 a5 17. g4 b4 18. Nd6 f5 19. Bxd5 cxd5 20. cxb4 Na4
21. b5 Kg7 22. gxf5 gxf5 23. Qh5 Bd7 24. Kh1 Be8 25. Rg1+ Kh7 26. Qh3 Bg6
27. Rxg6 Kxg6 28. Rg1+ Kh7 29. Nxf5 Qf8 30. Rg7+ Qxg7 31. Nxg7 Kxg7 32.
Qxe6 c3 33. Qf6+ Kg8 34. Qg6+ Kf8 35. Bc1 Nb2 36. f5 1-0

[Event "IHEM"]
[Site "Hamburg GER"]
[Date "2003.06.08"]
[Round "2"]
[White "Schuetze,M"]
[Black "Sawadkuhi,M"]
[Result "1-0"]
[WhiteElo "2182"]
[BlackElo "2250"]
[EventDate "2003.06.07"]

1. Nf3 c5 2. c4 Nc6 3. Nc3 g6 4. e3 Bg7 5. d4 d6 6. Be2 Bd7 7. O-O Nf6 8.
d5 Ne5 9. Nxe5 dxe5 10. e4 O-O 11. f4 Ne8 12. f5 Nd6 13. g4 a6 14. a4 b5
15. axb5 axb5 16. Rxa8 Qxa8 17. cxb5 Qa5 18. Be3 Rc8 19. Qa1 Qb4 20. Qa3
gxf5 21. gxf5 Bf6 22. Kh1 Kh8 23. Rg1 Nc4 24. Bxc4 Qxc4 25. b6 Rg8 26. b7
Bg7 27. Qa8 Qb4 28. Bh6 1-0

[Event "IHEM"]
[Site "Hamburg GER"]
[Date "2003.06.08"]
[Round "2"]
[White "Lindinger,M"]
[Black "Mandelbaum,P"]
[Result "1-0"]
[WhiteElo "2304"]
[BlackElo "2191"]
[EventDate "2003.06.07"]

1. d4 Nf6 2. Nc3 d5 3. Bg5 Nbd7 4. f4 e6 5. a3 Be7 6. e3 c5 7. Nf3 O-O 8.
Bd3 a6 9. O-O b5 10. Ne5 Bb7 11. Qe1 h6 12. Nxd7 Qxd7 13. Bxf6 Bxf6 14.
dxc5 Rac8 15. b4 d4 16. Rd1 Kh8 17. Ne4 Qd5 18. Rf3 Be7 19. exd4 f5 20. Nf2
Bf6 21. c3 g5 22. Bf1 gxf4 23. Nh3 Rg8 24. Rdd3 Bg5 25. Qf2 Qd7 26. Rxf4
Bxf4 27. Nxf4 Rg4 28. Qe3 Be4 29. Rd2 Kh7 30. c4 Rcg8 31. d5 e5 32. Nh5 Qf7
33. Ng3 Qg6 34. cxb5 axb5 35. Nxe4 Rxe4 36. Qc3 Qg5 37. Rf2 Re3 38. Qd2 f4
39. d6 f3 40. Kh1 fxg2+ 41. Rxg2 Qf4 42. Rxg8 Kxg8 43. Bg2 Rxa3 44. Qxf4
exf4 45. Bd5+ Kf8 46. c6 Ke8 47. Be6 f3 48. Kg1 1-0

[Event "IHEM"]
[Site "Hamburg GER"]
[Date "2003.06.08"]
[Round "2"]
[White "Putzbach,G"]
[Black "Fraas,H"]
[Result "1-0"]
[WhiteElo "2253"]
[BlackElo "2188"]
[EventDate "2003.06.07"]

1. e4 c6 2. d4 d5 3. e5 Bf5 4. Nc3 e6 5. g4 Bg6 6. Nge2 c5 7. h4 f6 8. h5
Bf7 9. exf6 Nxf6 10. Ng3 cxd4 11. Qxd4 Nc6 12. Bb5 Nd7 13. Bxc6 bxc6 14. h6
Qf6 15. Nce2 Bc5 16. Qf4 e5 17. Qxf6 gxf6 18. Nf5 Rb8 19. b3 Bg6 20. Neg3
Rb4 21. f3 Bxf5 22. Nxf5 e4 23. c3 Rb8 24. Bf4 Rd8 25. fxe4 dxe4 26. O-O-O
Kf7 27. b4 Bb6 28. Nd6+ Kg6 29. Nb7 c5 30. Nxd8 Rxd8 31. Rhe1 cxb4 32. cxb4
f5 33. Rd6+ Kf7 34. Red1 Rc8+ 35. Kb2 Nf6 36. gxf5 e3 37. Re6 Rc4 38. Bxe3
Rxb4+ 39. Ka3 Rb5 40. Bxb6 axb6 41. Rf1 Nd5 42. Rg1 Nc3 43. Rg7+ Kf8 44.
Rc6 1-0

[Event "IHEM"]
[Site "Hamburg GER"]
[Date "2003.06.08"]
[Round "2"]
[White "Sprenger,J"]
[Black "Berkes,F"]
[Result "1-0"]
[WhiteElo "2431"]
[BlackElo "2578"]
[EventDate "2003.06.07"]

1. e4 c5 2. Nf3 d6 3. d4 cxd4 4. Nxd4 Nf6 5. Nc3 a6 6. Be3 e5 7. Nb3 Be7 8.
f3 Be6 9. Qd2 O-O 10. O-O-O Qc7 11. g4 Rc8 12. g5 Nh5 13. Nd5 Bxd5 14. exd5
Nd7 15. Rg1 a5 16. Kb1 a4 17. Nc1 a3 18. b3 Nf4 19. Bxf4 exf4 20. Nd3 Ne5
21. Be2 Bf8 22. Nxf4 g6 23. Nd3 Re8 24. Nf2 Bg7 25. Ne4 Rac8 26. c3 Nd7 27.
Bb5 Rxe4 28. fxe4 Nc5 29. Rge1 Qe7 30. b4 Qe5 31. bxc5 Rxc5 32. c4 Qa1+ 33.
Kc2 Qxa2+ 34. Kd3 Qb3+ 35. Ke2 a2 36. Ra1 Bxa1 37. Rxa1 Qb1 38. Rxa2 Qxe4+
39. Kd1 Rc8 40. Ra3 Qh1+ 41. Kc2 Qe4+ 42. Kc1 Qe5 43. Kb1 Qf5+ 44. Ka2 Qe4
45. Kb2 Qe5+ 46. Kb3 Qe4 47. Ra1 Qf3+ 48. Kb4 Qf5 49. Re1 Ra8 50. Re8+ Rxe8
51. Bxe8 Qb1+ 52. Ka5 Kf8 53. Bb5 Qg1 54. Qf4 Qc5 55. Qf6 Qa7+ 56. Kb4 Qc5+
57. Kb3 Kg8 58. Qe7 Qb6 59. h4 Kg7 60. Qe1 Kg8 61. Qg3 Qc5 62. Kc2 Kf8 63.
Qf4 Qa3 64. Qd4 Kg8 65. Qc3 Qc5 66. Kb3 Qf2 67. c5 dxc5 68. d6 c4+ 69. Qxc4
1-0

[Event "IHEM"]
[Site "Hamburg GER"]
[Date "2003.06.08"]
[Round "2"]
[White "Engelbert,C"]
[Black "Schulz,HJ"]
[Result "1-0"]
[WhiteElo "2235"]
[BlackElo "2099"]
[EventDate "2003.06.07"]

1. e4 e5 2. Nf3 Nc6 3. Bc4 Nf6 4. d4 exd4 5. O-O Nxe4 6. Re1 d5 7. Bxd5
Qxd5 8. Nc3 Qc4 9. Nxe4 Be6 10. Bg5 h6 11. b3 Qb5 12. a4 Qb4 13. Bh4 Bd6
14. a5 g5 15. Ra4 Qb5 16. Nxd4 Nxd4 17. Nxd6+ cxd6 18. Qxd4 O-O 19. Bg3
Rad8 20. h4 Qf5 21. hxg5 hxg5 22. Qd2 Qg6 23. Rb4 Rd7 24. Rb5 f5 25. f4 g4
26. Qe3 a6 27. Rb6 Re8 28. Qd3 d5 29. Re5 Qh6 30. Qc3 Rde7 31. Rxf5 Rh7 32.
Rg5+ Kf8 33. Qb4+ Ree7 34. Kf2 Rhf7 35. Re5 Qg6 36. Rbxe6 Qxc2+ 37. Re2 1-0

[Event "IHEM"]
[Site "Hamburg GER"]
[Date "2003.06.08"]
[Round "2"]
[White "Gollasch,T"]
[Black "Laqua,C"]
[Result "0-1"]
[WhiteElo "2117"]
[BlackElo "2206"]
[EventDate "2003.06.07"]

1. d4 d5 2. c4 e6 3. Nf3 c6 4. e3 f5 5. Be2 Nf6 6. O-O Bd6 7. b3 Qe7 8. Ne5
O-O 9. f4 b6 10. a4 a5 11. Ba3 Ne4 12. Bxd6 Qxd6 13. Qc2 Na6 14. Nc3 Nb4
15. Nxe4 Qxe5 16. dxe5 Nxc2 17. Nd6 Nxa1 18. Rxa1 Bd7 19. Rd1 Rfd8 20. g4
g6 21. Kf2 Be8 22. g5 Ra7 23. Rc1 Bd7 24. Rd1 Kg7 25. h4 Rh8 26. Kg3 h6 27.
gxh6+ Rxh6 28. Rc1 Kf8 29. Rg1 Ke7 30. Rd1 Ra8 31. Bd3 Rd8 32. Rd2 Rh7 33.
Rd1 Rdh8 34. Rh1 Rd8 35. Rd1 Bc8 36. Be2 Rxd6 37. exd6+ Kxd6 38. cxd5 exd5
39. Bf3 Ke6 40. Rd4 Bd7 41. b4 Rh8 42. b5 Rd8 43. bxc6 Bxc6 44. e4 fxe4 45.
Bxe4 Be8 46. Bf3 b5 47. axb5 Bxb5 48. h5 gxh5 49. Bxh5 Bc4 50. Bg4+ Kf6 51.
Rd1 Rg8 52. Re1 a4 53. Kf3 a3 54. Re6+ Kf7 55. Re1 d4 56. Ra1 Bd5+ 57. Kg3
a2 58. Kh4 Kf6 59. Be2 Kf5 60. Rd1 Ke4 61. f5 Kxf5 62. Bd3+ Kf4 0-1

[Event "IHEM"]
[Site "Hamburg GER"]
[Date "2003.06.09"]
[Round "3"]
[White "Baramidze,D"]
[Black "Moreno Carnero,J"]
[Result "0-1"]
[WhiteElo "2440"]
[BlackElo "2504"]
[EventDate "2003.06.07"]

1. e4 e5 2. Nf3 Nc6 3. Bb5 a6 4. Ba4 Nf6 5. O-O Be7 6. Re1 b5 7. Bb3 d6 8.
c3 O-O 9. h3 Na5 10. Bc2 c5 11. d4 Nd7 12. Nbd2 exd4 13. cxd4 Nc6 14. d5
Nce5 15. Nxe5 Nxe5 16. f4 Ng6 17. Nf3 f5 18. Qe2 fxe4 19. Bxe4 Ra7 20. Qc2
Bh4 21. Rf1 Raf7 22. Bxg6 hxg6 23. Nxh4 Qxh4 24. Qxg6 Rf6 25. Qd3 Bf5 26.
Qe3 Rg6 27. Kh2 Kf7 28. Qf2 Be4 29. Qxh4 Rxg2+ 30. Kh1 Rg4+ 31. Kh2 Rxh4
32. Rg1 Bf5 33. Rg3 Rfh8 34. b4 Bxh3 35. bxc5 dxc5 36. Kg1 Bf5 37. Bb2 Rh1+
38. Kf2 R8h2+ 39. Rg2 Be4 40. Rxh2 Rxh2+ 0-1

[Event "IHEM"]
[Site "Hamburg GER"]
[Date "2003.06.09"]
[Round "3"]
[White "Haba,P"]
[Black "Vokac,M"]
[Result "1/2-1/2"]
[WhiteElo "2514"]
[BlackElo "2484"]
[EventDate "2003.06.07"]

1. e4 e5 2. Nf3 Nc6 3. Bb5 a6 4. Ba4 Nf6 5. O-O Be7 6. Re1 b5 7. Bb3 d6 8.
c3 O-O 9. d4 Bg4 10. Be3 exd4 11. cxd4 Na5 12. Bc2 d5 13. e5 1/2-1/2

[Event "IHEM"]
[Site "Hamburg GER"]
[Date "2003.06.09"]
[Round "3"]
[White "Hector,J"]
[Black "Sprenger,J"]
[Result "1-0"]
[WhiteElo "2553"]
[BlackElo "2431"]
[EventDate "2003.06.07"]

1. d4 d5 2. Nc3 Nf6 3. Bg5 Nbd7 4. Qd3 e6 5. e4 dxe4 6. Nxe4 Be7 7. Nxf6+
Nxf6 8. Nf3 O-O 9. O-O-O b6 10. Ne5 Bb7 11. Qh3 Ne4 12. Be3 f5 13. f3 Nd6
14. Bd3 Qe8 15. Rhe1 b5 16. g4 Bd5 17. Kb1 a5 18. gxf5 exf5 19. Rg1 Rf6 20.
Bg5 Re6 21. Bxf5 Nxf5 22. Qxf5 c6 23. f4 Bd6 24. Qg4 Bxe5 25. dxe5 Ra7 26.
Bf6 Qg6 27. f5 Qxg4 28. Rxg4 Re8 29. Rdg1 g6 30. fxg6 Kf8 31. Rh4 Bg8 32.
gxh7 Rxh7 33. Rxh7 Bxh7 34. Rg7 Be4 35. h4 Re6 36. h5 1-0

[Event "IHEM"]
[Site "Hamburg GER"]
[Date "2003.06.09"]
[Round "3"]
[White "Levin,F"]
[Black "Pajeken,W"]
[Result "1-0"]
[WhiteElo "2519"]
[BlackElo "2321"]
[EventDate "2003.06.07"]

1. d4 Nf6 2. c4 e6 3. Nf3 c5 4. d5 exd5 5. cxd5 d6 6. Nc3 g6 7. Qa4+ Bd7 8.
Qb3 Na6 9. e4 Rb8 10. e5 dxe5 11. Nxe5 Bg7 12. Bf4 Nc7 13. Nxf7 Qe7+ 14.
Ne5 Nfxd5 15. Nxd5 Nxd5 16. Qxd5 Bc6 17. Bb5 Bxb5 18. O-O-O Qf6 19. Rhe1
Qxf4+ 20. Kb1 Bxe5 21. Rxe5+ Kf8 22. Qd6+ Kg7 23. Re7+ Qf7 24. Qe5+ Kf8 25.
Rxf7+ Kxf7 26. Qc7+ 1-0